Progress of industrial standardization in Japan : 50 years of japanese standards
Uloženo v:
| Médium: | Kniha |
|---|---|
| Jazyk: | Undetermined |
| Vydáno: |
Tokyo
Japanese Standards Association
1973
|
| Témata: | |
| Tagy: |
Přidat tag
Žádné tagy, Buďte první, kdo otaguje tento záznam!
|
| Thư viện lưu trữ: | Trung tâm Học liệu Trường Đại học Cần Thơ |
|---|
| LEADER | 00565nam a2200193Ia 4500 | ||
|---|---|---|---|
| 001 | CTU_88614 | ||
| 008 | 210402s9999 xx 000 0 und d | ||
| 082 | |a 658.5 | ||
| 082 | |b P964 | ||
| 245 | 0 | |a Progress of industrial standardization in Japan : | |
| 245 | 0 | |b 50 years of japanese standards | |
| 245 | 0 | |c Japanese Standards Association | |
| 260 | |a Tokyo | ||
| 260 | |b Japanese Standards Association | ||
| 260 | |c 1973 | ||
| 650 | |a Standardization | ||
| 650 | |x Periodicals | ||
| 904 | |i Giang,Hải | ||
| 980 | |a Trung tâm Học liệu Trường Đại học Cần Thơ | ||